|
|
|
|
| LEADER |
00000cam a2200000 7i4500 |
| 001 |
0000004559 |
| 002 |
000004915 |
| 005 |
20000330.0 |
| 020 |
|
|
|a 9971773066
|
| 090 |
0 |
0 |
|a 297.07
|b SAI
|
| 100 |
0 |
|
|a Said Hawwa
|
| 245 |
1 |
0 |
|a Induk pensucian diri
|c Said Hawwa ; terjemahan oleh Syed Ahmad Semaut & Abdai Rathomy
|
| 260 |
|
|
|a Singapura :
|b Pustaka Nasional ,
|c 1992
|
| 300 |
|
|
|a 1426 p. ;
|c 22 cm.
|
| 650 |
0 |
0 |
|a Islam
|x Study and teaching
|
| 700 |
0 |
|
|a Syed Ahmad Semaut
|
| 999 |
|
|
|a 00069934
|b BUKU
|c PINJAMAN
|e PERPUSTAKAAN KOMUNITI PETALING JAYA
|
| 999 |
|
|
|a 034640
|b BUKU
|c PINJAMAN
|e PERPUSTAKAAN KOMUNITI PETALING JAYA
|